[Event "Thessaloniki-Chalkidiki-chT B local"]
[Site "Thessaloniki"]
[Date "2019.03.17"]
[Round "8.4"]
[White "Palaskos, Ahileas"]
[Black "Magdalis, Theodoros"]
[Result "1-0"]
[WhiteElo "1793"]
[BlackElo "1322"]
[PlyCount "49"]
[EventDate "2019.01.13"]
[EventType "team-swiss"]
[EventRounds "9"]
[EventCountry "GRE"]
[SourceTitle "EXT 2020"]
[Source "ChessBase"]
[SourceDate "2019.10.17"]
[SourceVersion "1"]
[SourceVersionDate "2019.10.17"]
[SourceQuality "1"]

1. e4 e5 2. Nf3 Nf6 3. Nxe5 d6 4. Nf3 Nxe4 5. Nc3 Nxc3 6. dxc3 Be7 7. Bf4 0-0 8. Qd2 Nc6 9. 0-0-0 Bg4 10. Be2 Qd7 11. h3 Bh5 12. g4 Bg6 13. Rhg1 f6 14. Bc4+ Kh8 15. Rde1 Rae8 16. Be6 Qd8 17. Qd5 a5 18. h4 h6 19. h5 Bh7 20. Nh4 Qa8 21. Ng6+ Bxg6 22. hxg6 Ne5 23. Qh1 b5 24. Bd5 c6 25. Bxh6 1-0

[Event "Thessaloniki-Chalkidiki-chT B local"]
[Site "Thessaloniki"]
[Date "2019.02.24"]
[Round "6.4"]
[White "Magdalis, Theodoros"]
[Black "Tsamis, Emmanouil"]
[Result "1/2-1/2"]
[WhiteElo "1322"]
[BlackElo "1301"]
[PlyCount "126"]
[EventDate "2019.01.13"]
[EventType "team-swiss"]
[EventRounds "9"]
[EventCountry "GRE"]
[SourceTitle "EXT 2020"]
[Source "ChessBase"]
[SourceDate "2019.10.17"]
[SourceVersion "1"]
[SourceVersionDate "2019.10.17"]
[SourceQuality "1"]

1. e4 c5 2. Nf3 Nc6 3. d4 cxd4 4. Nxd4 e5 5. Nb5 d6 6. c4 a6 7. N5c3 Nf6 8. Na3 Be7 9. Bd3 0-0 10. 0-0 Re8 11. Nd5 Nd7 12. Nxe7+ Qxe7 13. Be3 Rd8 14. Rc1 Nc5 15. Bb1 Be6 16. f4 f6 17. f5 Bf7 18. Qg4 Qf8 19. b3 Rd7 20. Rcd1 Qe8 21. Rd2 Rad8 22. Nc2 b5 23. cxb5 axb5 24. Na3 Na7 25. Qh4 Na6 26. Bxa7 Rxa7 27. Bd3 Nc7 28. Nb1 d5 29. Rfd1 d4 30. g4 h6 31. Qg3 Rda8 32. Qg2 Qe7 33. h4 Kh7 34. Kh2 Be8 35. Rg1 Kg8 36. Rc2 Na6 37. a3 Nc5 38. Qe2 Nxd3 39. Qxd3 Qb7 40. g5 hxg5 41. hxg5 fxg5 42. Rxg5 Qb6 43. Rcg2 Rc7 44. Qg3 Qf6 45. Qh4 Ra6 46. Qg3 Rac6 47. b4 Qh6+ 48. Qh3 Qxh3+ 49. Kxh3 Rc1 50. Nd2 R1c6 51. Nb3 Rc3+ 52. R2g3 Rxg3+ 53. Rxg3 Rc3 54. Rxc3 dxc3 55. Kg3 c2 56. Kf3 Bc6 57. Ke3 Kh7 58. Nc1 Kh6 59. Nd3 Kg5 60. Kf3 Bd7 61. Ke3 Bc6 62. Kf3 Bb7 63. Ke3 Bc6 1/2-1/2

[Event "Thessaloniki-Chalkidiki-chT B local"]
[Site "Thessaloniki"]
[Date "2019.01.20"]
[Round "2.4"]
[White "Ifoulis, Antonios"]
[Black "Magdalis, Theodoros"]
[Result "1-0"]
[WhiteElo "1377"]
[BlackElo "1322"]
[PlyCount "139"]
[EventDate "2019.01.13"]
[EventType "team-swiss"]
[EventRounds "9"]
[EventCountry "GRE"]
[SourceTitle "EXT 2020"]
[Source "ChessBase"]
[SourceDate "2019.10.17"]
[SourceVersion "1"]
[SourceVersionDate "2019.10.17"]
[SourceQuality "1"]

1. e4 e5 2. Nf3 Nf6 3. d3 Nc6 4. g3 d5 5. Bg5 dxe4 6. Bxf6 Qxf6 7. dxe4 Bg4 8. Be2 Rd8 9. Nbd2 Bc5 10. c3 0-0 11. 0-0 Ne7 12. Qc2 Rxd2 13. Qxd2 Bxf3 14. Bxf3 Qxf3 15. b4 Bd6 16. c4 Nc6 17. c5 Nd4 18. Rfe1 Be7 19. Qd1 Qxd1 20. Rexd1 c6 21. f4 f6 22. Kf2 Rd8 23. f5 Kf7 24. Rd2 b6 25. Rc1 bxc5 26. bxc5 Ke8 27. Rb2 Rd7 28. a4 g6 29. g4 Kf7 30. Rb8 g5 31. a5 Nb5 32. a6 Rd2+ 33. Kg3 Rd3+ 34. Kf2 Rc3 35. Rd1 Bxc5+ 36. Kg2 Nd6 37. Rdb1 Nb5 38. Rd1 Bd4 39. Rc8 Rc2+ 40. Kh1 c5 41. Rb1 Rb2 42. Rxb2 Bxb2 43. Rxc5 Nd6 44. Rc7+ Kg8 45. Rxa7 Bd4 46. Rd7 Nb5 47. Rb7 Na7 48. Kg2 h6 49. Kg3 Nc6 50. Rc7 Na7 51. Kf3 Nb5 52. Rb7 Na7 53. Ke2 Nc6 54. Kd3 Kf8 55. Kd2 Kg8 56. Rc7 Na7 57. Kd3 Nb5 58. Rb7 Na7 59. Kc4 Bg1 60. h3 Kf8 61. Kd5 Bd4 62. Ke6 Nc6 63. Kxf6 Ke8 64. Kg6 Kd8 65. f6 Kc8 66. f7 Bc5 67. Kg7 Nd8 68. Rb5 Ne6+ 69. Kf6 Kd7 70. Rxc5 1-0